000 00805nas a2200277 4500
001 BR0100220
003 BR-BrBNA
005 20231205102018.0
007 ta
008 230509b bl.|||p| |||| 00| 00por d
040 _aBR-BrBNA
_bpor
_cBiblioteca Nacional de Agricultura
041 _a(Pt)
072 _aL70
100 1 _aGouvea, C.M.P.
100 1 _aVieiral, P.M.N.
100 1 _aAmara, A.C.
245 1 _aEfeito do ultra-som na recuperacao de musculo tibial anterior do rato lesado
650 _aRato
650 _aUltra-Som
650 _aLesao
650 _aRegeneracao
650 _aMusculo
773 0 _tRevista da Universidade de Alfenas (Brazil)
_xISSN 1413-3547
_g(Jul-Dec 1998), v. 4(2) p. 165-173
_wBR0100220
909 _a202311
_bLúcia
_c55
_dLúcia Elande
942 _2AGRIS
_n0
_cANA
999 _c165246
_d165246